Special issue on diaspora and sending states in world politics (Record no. 506687)

000 -LEADER
fixed length control field 00409nam a2200145Ia 4500
008 - FIXED-LENGTH DATA ELEMENTS--GENERAL INFORMATION
fixed length control field 181130s2018 xx 000 0 und d
245 ## - TITLE STATEMENT
Title Special issue on diaspora and sending states in world politics
260 ## - PUBLICATION, DISTRIBUTION, ETC.
Date of publication, distribution, etc. 2018
300 ## - PHYSICAL DESCRIPTION
Extent p.311-416.
504 ## - BIBLIOGRAPHY, ETC. NOTE
-- Jun
650 ## - SUBJECT ADDED ENTRY--TOPICAL TERM
Topical term or geographic name entry element Immigration and emmigration
650 ## - SUBJECT ADDED ENTRY--TOPICAL TERM
Topical term or geographic name entry element Migration
773 ## - HOST ITEM ENTRY
Main entry heading International Political Science Review
906 ## - LOCAL DATA ELEMENT F, LDF (RLIN)
a Migration
Holdings
Withdrawn status Lost status Damaged status Not for loan Permanent Location Current Location Date acquired Serial Enumeration / chronology Barcode Date last seen Price effective from Koha item type
        Indian Institute of Public Administration Indian Institute of Public Administration 2018-12-07 39(3), Jun, 2018: p.311-416. AR118482 2018-12-07 2018-12-07 Articles

Powered by Koha